[Event "Titled Tuesday intern op 19th Jan"]
[Site "Chess.com INT"]
[Date "2021.01.19"]
[Round "5"]
[White "Ersahin, Bulent"]
[Black "Li, Hui"]
[Result "1-0"]
[WhiteElo "2085"]
[BlackElo "1985"]
[PlyCount "75"]
[EventDate "2021.01.19"]
[EventType "swiss (blitz)"]
[EventRounds "11"]
[EventCountry "USA"]
[SourceTitle "CBM 200 Extra"]
[Source "ChessBase"]
[SourceDate "2021.03.31"]
[SourceVersion "1"]
[SourceVersionDate "2021.03.31"]
[SourceQuality "1"]

1. e4 e5 2. Nf3 Nf6 3. Nxe5 d6 4. Nf3 Nxe4 5. d4 d5 6. Bd3 Be7 7. 0-0 Nc6 8. c4 Nb4 9. Be2 0-0 10. Nc3 Bf5 11. Bf4 Re8 12. a3 Nxc3 13. bxc3 Nc6 14. cxd5 Qxd5 15. Bxc7 Rac8 16. Bg3 Na5 17. Ne5 Nb3 18. Bf3 Qb5 19. c4 Qb6 20. Bd5 Nxa1 21. Bxf7+ Kh8 22. Bxe8 Rxe8 23. Qxa1 Bf6 24. Re1 Kg8 25. h3 Qd8 26. c5 Be6 27. Qc3 Bd5 28. Re3 b6 29. c6 Qc8 30. c7 Re7 31. Ng4 Rxe3 32. Nxf6+ gxf6 33. Qxe3 Be6 34. Qh6 Kf7 35. Qxh7+ Ke8 36. Bd6 Bf7 37. Qe4+ Be6 38. d5 1-0

[Event "Titled Tuesday intern op 19th Jan"]
[Site "Chess.com INT"]
[Date "2021.01.19"]
[Round "9"]
[White "Goncharov, Vladimir"]
[Black "Ersahin, Bulent"]
[Result "1-0"]
[WhiteElo "2077"]
[BlackElo "2085"]
[PlyCount "83"]
[EventDate "2021.01.19"]
[EventType "swiss (blitz)"]
[EventRounds "11"]
[EventCountry "USA"]
[SourceTitle "CBM 200 Extra"]
[Source "ChessBase"]
[SourceDate "2021.03.31"]
[SourceVersion "1"]
[SourceVersionDate "2021.03.31"]
[SourceQuality "1"]

1. Nf3 Nf6 2. c4 g6 3. Nc3 c5 4. d4 cxd4 5. Nxd4 Bg7 6. e4 0-0 7. Be3 Nc6 8. Be2 d6 9. 0-0 Bd7 10. Qd2 Nxd4 11. Bxd4 Bc6 12. f3 a5 13. b3 Nd7 14. Be3 Nc5 15. Rab1 Qb6 16. Kh1 Rfc8 17. Rfc1 Qd8 18. Rc2 h5 19. a3 Kh7 20. b4 axb4 21. axb4 Ne6 22. Nd5 Bxd5 23. exd5 Nf8 24. f4 Nd7 25. Bd3 f5 26. Qe2 Ra3 27. Bf2 Nf6 28. h3 Qd7 29. Re1 b5 30. cxb5 Nxd5 31. Rxc8 Qxc8 32. Bb1 Qc3 33. Rd1 Nxf4 34. Qxe7 Qe5 35. Qxe5 Bxe5 36. b6 Rb3 37. Be1 Ne6 38. Ba2 Re3 39. Bxe6 d5 40. Bxd5 Re2 41. Bf3 Re3 42. b7 1-0

[Event "Titled Tuesday intern op 03rd Nov"]
[Site "Chess.com INT"]
[Date "2020.11.03"]
[Round "3"]
[White "Ersahin, Bulent"]
[Black "Aldokhin, Ivan"]
[Result "0-1"]
[WhiteElo "2085"]
[BlackElo "2413"]
[PlyCount "54"]
[EventDate "2020.11.03"]
[EventType "swiss (blitz)"]
[EventRounds "11"]
[EventCountry "USA"]
[SourceTitle "CBM 199 Extra"]
[Source "ChessBase"]
[SourceDate "2021.01.31"]
[SourceVersion "1"]
[SourceVersionDate "2021.01.31"]
[SourceQuality "1"]

1. e4 c5 2. Nf3 g6 3. g3 Bg7 4. Bg2 Nc6 5. 0-0 d6 6. d3 f5 7. Re1 Nf6 8. Nc3 0-0 9. e5 Ng4 10. exd6 Qxd6 11. h3 Nh6 12. Be3 e5 13. Nd2 Be6 14. Nc4 Bxc4 15. dxc4 Nd4 16. Bxb7 Rab8 17. Bd5+ Kh8 18. Bxd4 cxd4 19. Nb5 Rxb5 20. cxb5 Qxd5 21. c3 Nf7 22. cxd4 exd4 23. Qb3 Qb7 24. Rad1 Ng5 25. Rd3 Nxh3+ 26. Kh2 Nxf2 27. Re6 Qh1# 0-1

[Event "Titled Tuesday intern op 03rd Nov"]
[Site "Chess.com INT"]
[Date "2020.11.03"]
[Round "8"]
[White "Ersahin, Bulent"]
[Black "Goryachkina, Aleksandra"]
[Result "0-1"]
[WhiteElo "2085"]
[BlackElo "2582"]
[PlyCount "90"]
[EventDate "2020.11.03"]
[EventType "swiss (blitz)"]
[EventRounds "11"]
[EventCountry "USA"]
[SourceTitle "CBM 199 Extra"]
[Source "ChessBase"]
[SourceDate "2021.01.31"]
[SourceVersion "1"]
[SourceVersionDate "2021.01.31"]
[SourceQuality "1"]

1. e4 c5 2. Nf3 d6 3. d4 cxd4 4. Nxd4 Nf6 5. Nc3 e5 6. Nde2 Be7 7. Bg5 Be6 8. Bxf6 Bxf6 9. h3 0-0 10. g4 Nc6 11. Bg2 Rc8 12. 0-0 Nd4 13. Nxd4 exd4 14. Nd5 Bxd5 15. exd5 Qb6 16. Rb1 Rc5 17. Re1 Rfc8 18. Qd3 g6 19. Qf3 Qd8 20. c3 dxc3 21. bxc3 Rxc3 22. Re3 Rc1+ 23. Re1 Rxb1 24. Rxb1 b6 25. Qa3 Qe7 26. Rc1 Re8 27. Qf3 Bd4 28. Bf1 Bc5 29. Bb5 Rf8 30. Bd3 f5 31. Rf1 fxg4 32. Qxg4 Rxf2 33. Kh1 Rxf1+ 34. Bxf1 Kg7 35. Qe6 Qxe6 36. dxe6 d5 37. h4 Kf6 38. Bh3 Bf2 39. h5 gxh5 40. Kg2 Bc5 41. Kf3 b5 42. Ke2 b4 43. Kd3 a5 44. Kc2 a4 45. Kd3 h4 0-1

[Event "Titled Tuesday intern op 03rd Nov"]
[Site "Chess.com INT"]
[Date "2020.11.03"]
[Round "2"]
[White "Ersahin, Bulent"]
[Black "Wiwatanadate, Poompong"]
[Result "1-0"]
[WhiteElo "2085"]
[BlackElo "2040"]
[PlyCount "41"]
[EventDate "2020.11.03"]
[EventType "swiss (blitz)"]
[EventRounds "11"]
[EventCountry "USA"]
[SourceTitle "CBM 199 Extra"]
[Source "ChessBase"]
[SourceDate "2021.01.31"]
[SourceVersion "1"]
[SourceVersionDate "2021.01.31"]
[SourceQuality "1"]

1. e4 e6 2. d4 d5 3. Nd2 Nf6 4. e5 Nfd7 5. Bd3 c5 6. c3 Nc6 7. Ne2 cxd4 8. cxd4 f6 9. exf6 Qxf6 10. Nf3 Bd6 11. Bg5 Qf7 12. Bh4 h6 13. Bg3 0-0 14. Bxd6 Re8 15. 0-0 e5 16. Nxe5 Ndxe5 17. dxe5 Nxe5 18. Bxe5 Rxe5 19. Nd4 Rg5 20. Nf3 Bg4 21. Nxg5 1-0

[Event "Titled Tuesday intern op 03rd Nov"]
[Site "Chess.com INT"]
[Date "2020.11.03"]
[Round "9"]
[White "La Villa Rivas, Marlon Javier"]
[Black "Ersahin, Bulent"]
[Result "1-0"]
[WhiteElo "2233"]
[BlackElo "2085"]
[PlyCount "69"]
[EventDate "2020.11.03"]
[EventType "swiss (blitz)"]
[EventRounds "11"]
[EventCountry "USA"]
[SourceTitle "CBM 199 Extra"]
[Source "ChessBase"]
[SourceDate "2021.01.31"]
[SourceVersion "1"]
[SourceVersionDate "2021.01.31"]
[SourceQuality "1"]

1. e4 c5 2. Nf3 d6 3. d4 cxd4 4. Nxd4 Nf6 5. Nc3 a6 6. Bg5 e6 7. f4 Be7 8. Qf3 Qc7 9. 0-0-0 Nbd7 10. g4 b5 11. Bxf6 Nxf6 12. g5 Nd7 13. f5 Bxg5+ 14. Kb1 Ne5 15. Qh5 Qd8 16. Nxe6 Bxe6 17. fxe6 0-0 18. exf7+ Rxf7 19. Bh3 g6 20. Qe2 Rf3 21. Be6+ Kg7 22. h4 Bf6 23. h5 Rxc3 24. bxc3 g5 25. h6+ Kh8 26. Rhf1 Qe7 27. Bd5 Rc8 28. Rf2 g4 29. Rdf1 Nf3 30. Rxf3 gxf3 31. Qxf3 Bxc3 32. Qg4 Rf8 33. Rg1 Qd8 34. Qg7+ Bxg7 35. hxg7# 1-0

[Event "Titled Tuesday intern op 22nd Sept"]
[Site "Chess.com INT"]
[Date "2020.09.22"]
[Round "9"]
[White "Aizpurua, Patrick Emilio"]
[Black "Ersahin, Bulent"]
[Result "1-0"]
[WhiteElo "2310"]
[BlackElo "2085"]
[PlyCount "53"]
[EventDate "2020.09.22"]
[EventType "swiss (blitz)"]
[EventRounds "10"]
[EventCountry "USA"]
[SourceTitle "CBM 198 Extra"]
[Source "ChessBase"]
[SourceDate "2020.11.30"]
[SourceVersion "1"]
[SourceVersionDate "2020.11.30"]
[SourceQuality "1"]

1. d4 Nf6 2. c4 c5 3. d5 e6 4. Nc3 exd5 5. cxd5 d6 6. e4 g6 7. Be2 Bg7 8. Nf3 0-0 9. 0-0 a6 10. a4 Bg4 11. Nd2 Bxe2 12. Qxe2 Re8 13. Nc4 Qc7 14. Bf4 Bf8 15. Qf3 Nh5 16. Bd2 Nd7 17. g4 Nhf6 18. Bf4 Rad8 19. h3 Kg7 20. Rad1 Nb6 21. Bg5 Be7 22. e5 dxe5 23. d6 e4 24. dxc7 exf3 25. cxd8Q Bxd8 26. Bxf6+ Kxf6 27. Rxd8 1-0

[Event "Titled Tuesday intern op 22nd Sept"]
[Site "Chess.com INT"]
[Date "2020.09.22"]
[Round "6"]
[White "Wang, Michael Lei"]
[Black "Ersahin, Bulent"]
[Result "0-1"]
[WhiteElo "1860"]
[BlackElo "2085"]
[PlyCount "76"]
[EventDate "2020.09.22"]
[EventType "swiss (blitz)"]
[EventRounds "10"]
[EventCountry "USA"]
[SourceTitle "CBM 198 Extra"]
[Source "ChessBase"]
[SourceDate "2020.11.30"]
[SourceVersion "1"]
[SourceVersionDate "2020.11.30"]
[SourceQuality "1"]

1. d4 Nf6 2. c4 c5 3. d5 e6 4. Nc3 exd5 5. cxd5 d6 6. Nf3 g6 7. Bf4 a6 8. a4 Bg7 9. e3 0-0 10. Be2 h6 11. Nd2 Ne8 12. 0-0 Nd7 13. Nc4 Nb6 14. a5 Nxc4 15. Bxc4 Bd7 16. Qd2 Rb8 17. Na4 Bxa4 18. Rxa4 b5 19. axb6 Rxb6 20. b3 Nc7 21. e4 Re8 22. Re1 Qh4 23. g3 Qf6 24. Bxh6 Bxh6 25. Qxh6 Nb5 26. Bf1 Nd4 27. Re3 Nxb3 28. Bxa6 Nd2 29. Kg2 Rb2 30. Qf4 Qxf4 31. gxf4 c4 32. Rxc4 Nxc4 33. Bxc4 Rb4 34. Bd3 Rd4 35. Kf3 Kg7 36. Ke2 f5 37. f3 Kf6 38. Bb5 Re7 0-1

[Event "Titled Tuesday intern op 15th Sept"]
[Site "Chess.com INT"]
[Date "2020.09.15"]
[Round "2"]
[White "Ersahin, Bulent"]
[Black "Castillo Pena, Patricia Evarista"]
[Result "1-0"]
[WhiteElo "2085"]
[BlackElo "1770"]
[PlyCount "63"]
[EventDate "2020.09.15"]
[EventType "swiss (blitz)"]
[EventRounds "10"]
[EventCountry "USA"]
[SourceTitle "CBM 198 Extra"]
[Source "ChessBase"]
[SourceDate "2020.11.30"]
[SourceVersion "1"]
[SourceVersionDate "2020.11.30"]
[SourceQuality "1"]

1. e4 c5 2. Nf3 d6 3. d4 cxd4 4. Nxd4 Nf6 5. Nc3 a6 6. Bg5 e6 7. f4 h6 8. Bh4 Qb6 9. Qd2 Qxb2 10. Rb1 Qa3 11. f5 e5 12. Bxf6 gxf6 13. Nb3 Nc6 14. Nd5 Be7 15. Nc7+ Kf8 16. Nxa8 b5 17. Nb6 Bb7 18. Nd5 Nd4 19. Nxd4 exd4 20. Qxd4 Qxa2 21. Rd1 Bxd5 22. Qxd5 Qxc2 23. Be2 Qc3+ 24. Qd2 Qc5 25. Qd4 Qc7 26. 0-0 d5 27. Qxd5 Bc5+ 28. Kh1 Rg8 29. Qd8+ Qxd8 30. Rxd8+ Kg7 31. Rxg8+ Kxg8 32. Ra1 1-0

[Event "Titled Tuesday intern op 15th Sept"]
[Site "Chess.com INT"]
[Date "2020.09.15"]
[Round "6"]
[White "Ersahin, Bulent"]
[Black "Sawlin, Leonid"]
[Result "0-1"]
[WhiteElo "2085"]
[BlackElo "2385"]
[PlyCount "42"]
[EventDate "2020.09.15"]
[EventType "swiss (blitz)"]
[EventRounds "10"]
[EventCountry "USA"]
[SourceTitle "CBM 198 Extra"]
[Source "ChessBase"]
[SourceDate "2020.11.30"]
[SourceVersion "1"]
[SourceVersionDate "2020.11.30"]
[SourceQuality "1"]

1. e4 e6 2. d4 d5 3. Nd2 Nf6 4. e5 Nfd7 5. Bd3 c5 6. c3 Nc6 7. Ne2 cxd4 8. cxd4 f6 9. exf6 Nxf6 10. 0-0 Bd6 11. Nf3 0-0 12. Bf4 Bxf4 13. Nxf4 Qb6 14. Re1 Qxb2 15. Rb1 Qxa2 16. Nxe6 Bxe6 17. Rxe6 Rae8 18. Rxe8 Rxe8 19. Rxb7 Qa3 20. Bb5 Rc8 21. h4 Nd8 0-1

[Event "Titled Tuesday intern op 15th Sept"]
[Site "Chess.com INT"]
[Date "2020.09.15"]
[Round "10"]
[White "Ersahin, Bulent"]
[Black "Xie, Bryan"]
[Result "1/2-1/2"]
[WhiteElo "2085"]
[BlackElo "2050"]
[PlyCount "130"]
[EventDate "2020.09.15"]
[EventType "swiss (blitz)"]
[EventRounds "10"]
[EventCountry "USA"]
[SourceTitle "CBM 198 Extra"]
[Source "ChessBase"]
[SourceDate "2020.11.30"]
[SourceVersion "1"]
[SourceVersionDate "2020.11.30"]
[SourceQuality "1"]

1. e4 c5 2. Nf3 Nc6 3. d4 cxd4 4. Nxd4 g6 5. Nc3 Bg7 6. Be3 Nf6 7. Bc4 0-0 8. Bb3 d6 9. h3 Bd7 10. 0-0 Nxd4 11. Bxd4 Bc6 12. Re1 Nd7 13. Bxg7 Kxg7 14. Qd4+ Kg8 15. Rad1 Qb6 16. Qd2 Nc5 17. Nd5 Bxd5 18. exd5 Nxb3 19. axb3 Rfe8 20. Re4 Rac8 21. Rde1 Qc7 22. c4 Qd7 23. Rh4 e5 24. dxe6 Rxe6 25. Rd4 Rce8 26. Rxe6 Rxe6 27. c5 d5 28. Rxd5 Re1+ 29. Kh2 Qc7+ 30. f4 Re4 31. Rd8+ Kg7 32. Qd6 Qxd6 33. Rxd6 Rxf4 34. Rd7 Rb4 35. Rd3 Rb5 36. Rc3 a5 37. Kg3 Rb4 38. Kf3 Kf6 39. Ke2 a4 40. bxa4 Rxb2+ 41. Kf3 Rb4 42. a5 Rb5 43. a6 bxa6 44. c6 Rb8 45. c7 Rc8 46. Kf4 Ke6 47. Rc6+ Ke7 48. Kg5 h5 49. g4 hxg4 50. hxg4 a5 51. Kh6 a4 52. g5 a3 53. Kg7 a2 54. Ra6 Rxc7 55. Rxa2 Rc5 56. Re2+ Kd6 57. Rd2+ Ke6 58. Re2+ Re5 59. Rg2 Rf5 60. Re2+ Re5 61. Rg2 Ke7 62. Rg3 Re4 63. Rg2 Re5 64. Rg1 Ke8 65. Rg2 Ke7 1/2-1/2

[Event "Titled Tuesday intern op 15th Sept"]
[Site "Chess.com INT"]
[Date "2020.09.15"]
[Round "1"]
[White "Noritsyn, Nikolay"]
[Black "Ersahin, Bulent"]
[Result "1-0"]
[WhiteElo "2512"]
[BlackElo "2085"]
[PlyCount "61"]
[EventDate "2020.09.15"]
[EventType "swiss (blitz)"]
[EventRounds "10"]
[EventCountry "USA"]
[SourceTitle "CBM 198 Extra"]
[Source "ChessBase"]
[SourceDate "2020.11.30"]
[SourceVersion "1"]
[SourceVersionDate "2020.11.30"]
[SourceQuality "1"]

1. e4 c5 2. Nf3 Nc6 3. c3 d6 4. d4 Nf6 5. d5 Nb8 6. Bd3 g6 7. 0-0 Bg7 8. h3 0-0 9. c4 Na6 10. Nc3 Nc7 11. Re1 a6 12. a4 Rb8 13. Bg5 h6 14. Bf4 Re8 15. Qd2 Kh7 16. e5 dxe5 17. Nxe5 Rf8 18. Rad1 Nfe8 19. Qe3 Nd6 20. Qxc5 Bd7 21. a5 Nce8 22. Qe3 Bf5 23. b4 Bxd3 24. Qxd3 Nc7 25. c5 Ndb5 26. Nxb5 Nxb5 27. h4 h5 28. Nf3 Rc8 29. Bg5 Re8 30. d6 Bf6 31. d7 1-0

[Event "Titled Tuesday intern op 15th Sept"]
[Site "Chess.com INT"]
[Date "2020.09.15"]
[Round "9"]
[White "Tarini, Goyal"]
[Black "Ersahin, Bulent"]
[Result "0-1"]
[WhiteElo "2164"]
[BlackElo "2085"]
[PlyCount "78"]
[EventDate "2020.09.15"]
[EventType "swiss (blitz)"]
[EventRounds "10"]
[EventCountry "USA"]
[SourceTitle "CBM 198 Extra"]
[Source "ChessBase"]
[SourceDate "2020.11.30"]
[SourceVersion "1"]
[SourceVersionDate "2020.11.30"]
[SourceQuality "1"]

1. d4 Nf6 2. c4 c5 3. d5 e6 4. Nc3 exd5 5. cxd5 d6 6. e4 g6 7. h3 Bg7 8. Bd3 0-0 9. Nf3 b5 10. Nxb5 Re8 11. Nc3 Nxe4 12. Nxe4 f5 13. Nfg5 fxe4 14. Nxe4 Bf5 15. f3 Bxe4 16. Bxe4 Qh4+ 17. Kf1 Nd7 18. Be3 Nf6 19. Bf2 Qg5 20. Bc2 Nh5 21. h4 Qe5 22. Rh3 Nf4 23. Rg3 Qe2+ 24. Kg1 Bxb2 25. Rb1 Qxd1+ 26. Bxd1 Ne2+ 27. Bxe2 Rxe2 28. h5 Kf7 29. hxg6+ hxg6 30. Rh3 Kg7 31. f4 Rh8 32. Rb3 Bd4 33. Rb7+ Kf6 34. Bxd4+ cxd4 35. Rxa7 d3 36. Ra3 d2 37. Kf1 Re1+ 38. Rxe1 Rh1+ 39. Kf2 dxe1Q+ 0-1

[Event "Titled Tuesday intern op 08th Sept"]
[Site "Chess.com INT"]
[Date "2020.09.08"]
[Round "1"]
[White "Iordachescu, Viorel"]
[Black "Ersahin, Bulent"]
[Result "1-0"]
[WhiteElo "2589"]
[BlackElo "2085"]
[PlyCount "79"]
[EventDate "2020.09.08"]
[EventType "swiss (blitz)"]
[EventRounds "10"]
[EventCountry "USA"]
[SourceTitle "CBM 198 Extra"]
[Source "ChessBase"]
[SourceDate "2020.11.30"]
[SourceVersion "1"]
[SourceVersionDate "2020.11.30"]
[SourceQuality "1"]

1. e4 c5 2. Nf3 Nc6 3. Bb5 g6 4. Bxc6 dxc6 5. d3 Bg7 6. h3 Nf6 7. 0-0 0-0 8. Nbd2 Nd7 9. Nc4 Qc7 10. a4 a5 11. Bd2 e5 12. Qc1 Re8 13. Bh6 Bh8 14. Nh2 Nf8 15. f4 exf4 16. Bxf4 Qd8 17. Nd6 Re7 18. e5 Ne6 19. Bg3 Nd4 20. Qd1 Be6 21. c3 Nf5 22. Nxf5 Bxf5 23. d4 cxd4 24. cxd4 Qb6 25. Rxf5 gxf5 26. Qd2 Re6 27. Nf3 Rd8 28. Rf1 Rg6 29. Bf2 Qb4 30. Qf4 Qxb2 31. Qxf5 Bg7 32. Ng5 Qb3 33. h4 h6 34. Ne4 Qe6 35. Qf3 Qg4 36. Kh2 Qxf3 37. gxf3 f6 38. h5 Rg5 39. Nxg5 hxg5 40. Rg1 1-0

[Event "Titled Tuesday intern op 08th Sept"]
[Site "Chess.com INT"]
[Date "2020.09.08"]
[Round "7"]
[White "Oliveira, Silvio Eduardo"]
[Black "Ersahin, Bulent"]
[Result "1-0"]
[WhiteElo "2280"]
[BlackElo "2085"]
[PlyCount "107"]
[EventDate "2020.09.08"]
[EventType "swiss (blitz)"]
[EventRounds "10"]
[EventCountry "USA"]
[SourceTitle "CBM 198 Extra"]
[Source "ChessBase"]
[SourceDate "2020.11.30"]
[SourceVersion "1"]
[SourceVersionDate "2020.11.30"]
[SourceQuality "1"]

1. e4 c5 2. Nf3 Nc6 3. d4 cxd4 4. Nxd4 Nf6 5. Nc3 e5 6. Ndb5 d6 7. Bg5 a6 8. Na3 b5 9. Bxf6 gxf6 10. Nd5 f5 11. Bd3 Be6 12. c3 Bxd5 13. exd5 Ne7 14. 0-0 Bg7 15. Qh5 e4 16. Bc2 0-0 17. Rae1 Qc8 18. f3 b4 19. cxb4 Bxb2 20. fxe4 Bxa3 21. Rf3 Ng6 22. Rh3 Re8 23. Qxh7+ Kf8 24. Qh6+ Kg8 25. Ba4 Bxb4 26. Bxe8 Qxe8 27. Qh7+ Kf8 28. Rf1 Qxe4 29. Rg3 Bc5+ 30. Kh1 Rb8 31. Rxg6 fxg6 32. Qh8+ Kf7 33. Qxb8 Qxd5 34. Qc7+ Kf6 35. Qd8+ Kg7 36. Qe7+ Qf7 37. Qxf7+ Kxf7 38. g3 Kf6 39. Kg2 a5 40. Kf3 a4 41. Rc1 a3 42. Rc4 g5 43. h4 g4+ 44. Kf4 Ke6 45. h5 Kf6 46. Ra4 Bf2 47. Rxa3 Be1 48. Rd3 Bb4 49. Rd5 Ke6 50. Rxf5 Bd2+ 51. Kxg4 d5 52. Rf3 d4 53. Rd3 Be3 54. Rxe3+ 1-0

[Event "Titled Tuesday intern op 01st Sept"]
[Site "Chess.com INT"]
[Date "2020.09.01"]
[Round "10"]
[White "Ersahin, Bulent"]
[Black "Ceres, Dragos"]
[Result "1-0"]
[WhiteElo "2085"]
[BlackElo "2244"]
[PlyCount "51"]
[EventDate "2020.09.01"]
[EventType "swiss (blitz)"]
[EventRounds "10"]
[EventCountry "USA"]
[SourceTitle "CBM 198 Extra"]
[Source "ChessBase"]
[SourceDate "2020.11.30"]
[SourceVersion "1"]
[SourceVersionDate "2020.11.30"]
[SourceQuality "1"]

1. e4 e5 2. Nf3 Nc6 3. Bb5 a6 4. Ba4 g6 5. 0-0 Bg7 6. c3 b5 7. Bb3 Nge7 8. d4 exd4 9. cxd4 Na5 10. Bc2 0-0 11. h3 d6 12. a4 Bb7 13. Re1 c5 14. d5 b4 15. Nbd2 c4 16. Nf1 b3 17. Bb1 c3 18. bxc3 Bxc3 19. Ra3 Bxe1 20. Qxe1 Rc8 21. Bh6 Re8 22. Ne3 Qb6 23. Qd2 Nc4 24. Nxc4 Rxc4 25. Qb2 Nf5 26. exf5 1-0

[Event "Titled Tuesday intern op 01st Sept"]
[Site "Chess.com INT"]
[Date "2020.09.01"]
[Round "7"]
[White "Ersahin, Bulent"]
[Black "Florescu, Codrut Constantin"]
[Result "0-1"]
[WhiteElo "2085"]
[BlackElo "2293"]
[PlyCount "88"]
[EventDate "2020.09.01"]
[EventType "swiss (blitz)"]
[EventRounds "10"]
[EventCountry "USA"]
[SourceTitle "CBM 198 Extra"]
[Source "ChessBase"]
[SourceDate "2020.11.30"]
[SourceVersion "1"]
[SourceVersionDate "2020.11.30"]
[SourceQuality "1"]

1. e4 c5 2. Nf3 e6 3. d4 cxd4 4. Nxd4 Nf6 5. Nc3 d6 6. g4 a6 7. g5 Nfd7 8. Rg1 b5 9. a3 Bb7 10. Be3 Nc6 11. Nxc6 Bxc6 12. h4 Qb8 13. Qd4 Ne5 14. Be2 Bd7 15. h5 Nc6 16. Qd2 Be7 17. f4 g6 18. h6 0-0 19. Bd3 Rc8 20. Ne2 d5 21. Nd4 Bf8 22. 0-0-0 b4 23. axb4 Nxb4 24. Kb1 Qb6 25. Nb3 Qb7 26. exd5 Nxd3 27. Qxd3 exd5 28. Qxd5 Bc6 29. Qd2 Be4 30. Nd4 Rab8 31. b3 Qd5 32. Ka2 Qc5 33. Qc1 Qa5+ 34. Kb1 Qc3 35. Qb2 Rxb3 36. Nxb3 Qxe3 37. Rge1 Qf3 38. Rxe4 Qxe4 39. Rd7 Qe6 40. Qd4 a5 41. Rd8 Rxd8 42. Qxd8 a4 43. Nd4 Qc4 44. f5 a3 0-1

[Event "Titled Tuesday intern op 01st Sept"]
[Site "Chess.com INT"]
[Date "2020.09.01"]
[Round "3"]
[White "Ersahin, Bulent"]
[Black "Vlachos, Anatole"]
[Result "0-1"]
[WhiteElo "2085"]
[BlackElo "2429"]
[PlyCount "52"]
[EventDate "2020.09.01"]
[EventType "swiss (blitz)"]
[EventRounds "10"]
[EventCountry "USA"]
[SourceTitle "CBM 198 Extra"]
[Source "ChessBase"]
[SourceDate "2020.11.30"]
[SourceVersion "1"]
[SourceVersionDate "2020.11.30"]
[SourceQuality "1"]

1. e4 c5 2. Nf3 Nc6 3. d4 cxd4 4. Nxd4 Nf6 5. Nc3 e5 6. Ndb5 d6 7. Bg5 a6 8. Na3 b5 9. Bxf6 gxf6 10. Nd5 f5 11. c3 Bg7 12. exf5 Bxf5 13. Nc2 Be6 14. Nce3 0-0 15. Bd3 f5 16. Qh5 e4 17. Bc2 Ne5 18. Rd1 Ra7 19. 0-0 h6 20. Bb3 f4 21. Nc2 Kh8 22. Nd4 Bg4 23. Nc6 Bxh5 24. Nxd8 Rxd8 25. Rd4 Nf3+ 26. gxf3 Bxd4 0-1

[Event "Titled Tuesday intern op 18th Aug"]
[Site "Chess.com INT"]
[Date "2020.08.18"]
[Round "7"]
[White "Sharmin, Samiha Shimmi"]
[Black "Ersahin, Bulent"]
[Result "0-1"]
[WhiteElo "1812"]
[BlackElo "2085"]
[PlyCount "64"]
[EventDate "2020.08.18"]
[EventType "swiss (blitz)"]
[EventRounds "10"]
[EventCountry "USA"]
[SourceTitle "CBM 197 Extra"]
[Source "ChessBase"]
[SourceDate "2020.09.30"]
[SourceVersion "1"]
[SourceVersionDate "2020.09.30"]
[SourceQuality "1"]

1. e4 c5 2. Nf3 Nc6 3. d4 cxd4 4. Nxd4 Nf6 5. Nc3 e5 6. Ndb5 d6 7. Bg5 a6 8. Na3 b5 9. Nd5 Be7 10. Bxf6 Bxf6 11. c3 0-0 12. Nc2 Rb8 13. a4 bxa4 14. Ncb4 Nxb4 15. cxb4 Bb7 16. Rxa4 Bg5 17. Bxa6 Bc6 18. 0-0 Bxa4 19. Qxa4 Kh8 20. Qc6 f5 21. exf5 Rxf5 22. b5 Bd2 23. g3 Ba5 24. b4 Bb6 25. Rd1 Bxf2+ 26. Kg2 Bd4 27. Nc7 Qf8 28. Ne6 Rf2+ 29. Kh1 Rf1+ 30. Kg2 Qf2+ 31. Kh3 Rxd1 32. Qc7 Qf5+ 0-1

[Event "TUR-chT Clubs"]
[Site "Konya"]
[Date "2019.07.17"]
[Round "2.4"]
[White "Ergonen, Arda"]
[Black "Ersahin, Bulent"]
[Result "0-1"]
[WhiteElo "1905"]
[BlackElo "2179"]
[PlyCount "100"]
[EventDate "2019.07.16"]
[EventType "team-swiss"]
[EventRounds "9"]
[EventCountry "TUR"]
[SourceTitle "CBM 191 Extra"]
[Source "ChessBase"]
[SourceDate "2019.09.30"]
[SourceVersion "1"]
[SourceVersionDate "2019.09.30"]
[SourceQuality "1"]
[WhiteTeam "Afyonkarahisar Basari"]
[BlackTeam "Celik Dernegi"]
[WhiteTeamCountry "TUR"]
[BlackTeamCountry "TUR"]

1. e4 c5 2. Nf3 Nc6 3. d4 cxd4 4. Nxd4 Nf6 5. Nc3 e5 6. Ndb5 d6 7. Bg5 a6 8. Na3 b5 9. Nd5 Be7 10. Bxf6 Bxf6 11. c4 b4 12. Nc2 0-0 13. g3 Bg5 14. Bg2 Qa5 15. 0-0 Be6 16. b3 Qc5 17. Nc7 Ra7 18. Nxe6 fxe6 19. Qg4 Raf7 20. Qxe6 Kh8 21. Kh1 Rf6 22. Qg4 Bh6 23. Qe2 g6 24. f3 Bg5 25. Rad1 Qa5 26. Ra1 h5 27. h4 Bh6 28. a3 bxa3 29. Rxa3 Qb6 30. Qf2 Rb8 31. Qxb6 Rxb6 32. Rd1 Kg7 33. Kg1 Kf7 34. Kf2 Ke7 35. Ke2 Rf8 36. Bh3 Rfb8 37. Rd3 Bc1 38. Ra2 Rxb3 39. Rxb3 Rxb3 40. Rxa6 Nd4+ 41. Nxd4 exd4 42. Ra7+ Kf6 43. Ra5 d3+ 44. Ke1 Ba3 45. Rd5 Bb4+ 46. Kf2 Bc5+ 47. Kg2 Rb2+ 48. Kf1 Rf2+ 49. Ke1 Rxf3 50. Bf1 Bb4+ 0-1

[Event "TUR-chT Clubs"]
[Site "Konya"]
[Date "2019.07.16"]
[Round "1.4"]
[White "Ersahin, Bulent"]
[Black "Turan, Seyithan"]
[Result "1-0"]
[WhiteElo "2179"]
[BlackElo "1705"]
[PlyCount "103"]
[EventDate "2019.07.16"]
[EventType "team-swiss"]
[EventRounds "9"]
[EventCountry "TUR"]
[SourceTitle "CBM 191 Extra"]
[Source "ChessBase"]
[SourceDate "2019.09.30"]
[SourceVersion "1"]
[SourceVersionDate "2019.09.30"]
[SourceQuality "1"]
[WhiteTeam "Celik Dernegi"]
[BlackTeam "Karaman Onder Durmus"]
[WhiteTeamCountry "TUR"]
[BlackTeamCountry "TUR"]

1. Nf3 c5 2. g3 d5 3. Bg2 Nc6 4. d4 Nf6 5. 0-0 e6 6. c4 dxc4 7. Na3 cxd4 8. Nxc4 Be7 9. Bf4 Nd5 10. Nxd4 Nxf4 11. Nxc6 Qxd1 12. Rfxd1 Nxg2 13. Nxe7 Kxe7 14. Kxg2 f6 15. Rac1 Bd7 16. f3 Rac8 17. e4 Rhd8 18. Kf2 Bb5 19. Rxd8 Rxd8 20. Ke3 Rc8 21. b3 Bxc4 22. bxc4 Kd6 23. Rd1+ Kc6 24. f4 Rc7 25. Rd8 Kc5 26. Re8 Kxc4 27. Rxe6 Rd7 28. Re8 Rd3+ 29. Ke2 Ra3 30. Re7 b5 31. Rxg7 Kd4 32. Rxh7 Kxe4 33. Re7+ Kf5 34. Rb7 Rxa2+ 35. Kf3 Ra3+ 36. Kg2 a6 37. h4 Kg4 38. Rg7+ Kh5 39. Kh3 b4 40. f5 Kh6 41. Rg6+ Kh7 42. Rxf6 a5 43. Rb6 b3 44. h5 a4 45. Kh4 Ra2 46. g4 Rf2 47. Rb7+ Kg8 48. Kg5 b2 49. Kg6 Kf8 50. h6 a3 51. f6 Ke8 52. h7 1-0